000 00418nam a22001697a 4500
003 OSt
005 20140310182822.0
008 130518t xxu||||| |||| 00| 0 eng d
050 _aBS 551.2
_b.L948 1974
082 _aM 230.00207
_bL96 1974
245 _aDavid & me
_cLuehrs, Bro Kirk
260 _aOregon
_bTelefriend Inc.
_c1974
300 _a95 p.
_c18 cm
541 _j1
562 _e6
942 _2lcc
_cBK
_kM
999 _c16429
_d16429